00472nam a2200193 a 4500001001300000003000900013005001700022008003800039020001000077082001600087100002300103245003900126260001300165300000900178500003500187505001700222650001600239700002300255nice12345678IN_TiNIC20260116012638.0050524s1908 a grp 000 0 ara  ac10000a297.93bBAR aBarney, L Clifford aNurul Abha Fi Mufawadat Abul Baha. abc1908 a229p aincludes index and biblioraphy2 aBibliography aBahai Faith1 aBarney, L Clifford